Call of Spirituality/ (Record no. 206790)
[ view plain ]
| 000 -LEADER | |
|---|---|
| fixed length control field | 00628nam a2200205 4500 |
| 005 - DATE AND TIME OF LATEST TRANSACTION | |
| control field | 20241028113238.0 |
| 010 ## - LCCN (DPL NO) | |
| LC control number | ENG-142472 |
| 020 ## - INTERNATIONAL STANDARD BOOK NUMBER | |
| Terms of availability | 200.00 |
| International Standard Book Number | 9789380335094 |
| 035 ## - SYSTEM CONTROL NUMBER | |
| System control number | EN-126004 |
| 037 ## - SOURCE OF ACQUISITION | |
| Source of stock number/acquisition | DBAD |
| 082 ## - DEWEY DECIMAL CLASSIFICATION NUMBER | |
| Classification number | 215.0954 |
| 100 ## - MAIN ENTRY--PERSONAL NAME | |
| Personal name | Rajagopalchari, Parthasarathi |
| 245 ## - TITLE STATEMENT | |
| Title | Call of Spirituality/ |
| Remainder of title | Parthasarathi Rajagopalachari |
| 250 ## - EDITION STATEMENT | |
| Edition statement | First |
| 260 ## - PUBLICATION, DISTRIBUTION, ETC. (IMPRINT) | |
| Name of publisher, distributor, etc | Spritiual Hierarchy Publication Trust |
| Date of publication, distribution, etc | 2010 |
| Place of publication, distribution, etc | Kolkata |
| 270 ## - ADDRESS | |
| Address | North Block, 2/3, Judges Court Road |
| City | Kolkata |
| Postal code | 700027 |
| 300 ## - PHYSICAL DESCRIPTION | |
| Extent | 201p. |
| Dimensions | 22cm(pb) |
| 490 ## - SERIES STATEMENT | |
| Series statement | Volume 1 |
| 942 ## - ADDED ENTRY ELEMENTS (KOHA) | |
| Source of classification or shelving scheme | Dewey Decimal Classification |
| Item type | English Books |
| Classification part | 215.0954 |
| Call number suffix | RAJ |
| Edition | 2010 |
| Withdrawn status | Lost status | Not for loan | Collection code | Home library | Current library | Date acquired | Source of acquisition | Cost, normal purchase price | Full call number | Barcode | Copy number | Cost, replacement price | Koha item type |
|---|---|---|---|---|---|---|---|---|---|---|---|---|---|
| Non-fiction | Bawana | Bawana | 28/10/2024 | DBAD | 200.00 | 215.0954 RAJ | EN-126004 | 1 | 200.00 | English Books |
